O sorriso de Mona Ratisa (Registo nº 922)

Detalhes MARC
000 -Etiqueta do registo
Cabeçalho 01033nam0a2200313 4500
005 - Identificador da versão
Campo de controlo 20240813121819.0
010 ## - Número internacional normalizado dos livros (ISBN)
Número (ISBN) 9789722335669
021 ## - Número do Depósito Legal
Código do país PT
Número 289530/09
100 ## - Dados gerais de processamento
Dados gerais de processamento 20160503d2009 da y0pory5003 ba
102 ## - Pais de publicação ou produção
País de publicação Portugal
101 1# - Língua de publicação
Língua do texto, banda sonora, etc. Português
Língua do documento no original Italiano
215 ## - Descrição física 
Indicação específica da natureza do documento e extensão da espécie 118, [10] p.
Outras indicações físicas il. color
200 1# - Titulo e menção de responsabilidade
Título próprio O sorriso de Mona Ratisa
Primeira menção de responsabilidade Geronimo Stilton
Outras menções de responsabilidade trad. Carlos Grifo Babo
-- il. Matt Wolf, Larry Keys e White M. Ouse
225 2# - Colecção 
Título próprio da colecção Geronimo Stilton
Indicação de volume 8
205 ## - Menção da edição
Menção da edição 4ª ed
210 ## - Publicação, Distribuição, etc. 
Lugar da edição, distribuição, etc. Barcarena
Nome do editor, distribuidor, etc. Presença
Data da publicação, distribuição, etc. 2009
300 ## - Notas gerais 
Texto da nota Geronimo Stilton é pseudónimo de Elizabetta Dami
606 ## - Nome comum usado como assunto
Número de registo de entrada de autoridade 0002849
Palavra de ordem Literatura italiana
Subdivisão de assunto Romances de aventuras
Código do sistema CA
675 ## - Classificação Decimal Universal (CDU)
Notação 821.131.1-311.3
Edição 3ª ed.
Língua da edição por
702 #1 - Nome de autor-pessoa física (responsabilidade secundária)
Número de registo de entrada de autoridade 0001416
Palavra de ordem Babo
Outra parte do nome não tomada para palavra de ordem Carlos Grifo
Código de função Tradutor
Número de registo de entrada de autoridade 0002852
Palavra de ordem Wolf
Outra parte do nome não tomada para palavra de ordem Matt
Código de função Ilustrador / Técnico de desenho computorizado
Número de registo de entrada de autoridade 0001202
Palavra de ordem Keys
Outra parte do nome não tomada para palavra de ordem Larry
Código de função Ilustrador / Técnico de desenho computorizado
Número de registo de entrada de autoridade 0002856
Palavra de ordem Ouse
Outra parte do nome não tomada para palavra de ordem White M.
Código de função Ilustrador / Técnico de desenho computorizado
700 #1 - Nome de autor-pessoa física (responsabilidade principal)
Número de registo de entrada de autoridade 0002855
Palavra de ordem Stilton
Outra parte do nome não tomada para palavra de ordem Geronimo
Elementos de identificação ou distinção pseud.
966 ## - Identificação da Biblioteca
Sigla EB2,3ENM
942 ## - Elementos de entrada adicionados (Koha)
Tipo de item no Koha Livro
Exemplares
Situação do levantamento Origin of item (home branch) (coded) Biblioteca de empréstimo Código de barras Cota Circulation type (not for loan) Tipo de documento Nota do exemplar Damaged status
  Biblioteca Escolar Eng. Nuno Mergulhão Biblioteca Escolar Eng. Nuno Mergulhão BENM1663 82LE-3 STI   Livro Sem mensagem